English housing survey (Record no. 115125)

MARC details
000 -LEADER
fixed length control field 01131cad a22002295a 4500
001 - CONTROL NUMBER
control field L158075
008 - FIXED-LENGTH DATA ELEMENTS--GENERAL INFORMATION
fixed length control field 140409s20140705xxk f 000 0 eng d
020 ## - INTERNATIONAL STANDARD BOOK NUMBER
International Standard Book Number 9781409841524
035 ## - SYSTEM CONTROL NUMBER
System control number (Sirsi) u158075
041 0# - LANGUAGE CODE
Language code of text/sound track or separate title eng
110 2# - MAIN ENTRY--CORPORATE NAME
Corporate name or jurisdiction name as entry element United Kingdom
Subordinate unit Department for Communities and Local Government
9 (RLIN) 4939
245 00 - TITLE STATEMENT
Title English housing survey
Remainder of title household report 2011-12
Medium [electronic resource]
260 ## - PUBLICATION, DISTRIBUTION, ETC.
Place of publication, distribution, etc. London
Name of publisher, distributor, etc. DCLG $2 014
520 ## - SUMMARY, ETC.
Summary, etc. Survey of households in England for 2011-12. Statistical data on households including numbers, overcrowding and average weekly rents, comparing private rented sector with social sector. English Housing Survey (EHS) started in April 2008, an amalgamation of the English House Condition Survey and Survey of English Housing.
590 ## - LOCAL NOTE (RLIN)
Local note KA
650 24 - SUBJECT ADDED ENTRY--TOPICAL TERM
Topical term or geographic name entry element ENGLISH HOUSE CONDITION SURVEY
650 24 - SUBJECT ADDED ENTRY--TOPICAL TERM
Topical term or geographic name entry element SURVEY OF ENGLISH HOUSING
651 #4 - SUBJECT ADDED ENTRY--GEOGRAPHIC NAME
Geographic name England
Chronological subdivision 886-
690 ## - LOCAL SUBJECT ADDED ENTRY--TOPICAL TERM (OCLC, RLIN)
Topical term or geographic name as entry element Residential property
9 (RLIN) 6266
856 40 - ELECTRONIC LOCATION AND ACCESS
Uniform Resource Identifier <a href="https://www.gov.uk/government/publications/english-housing-survey-2011-to-2012-household-report">https://www.gov.uk/government/publications/english-housing-survey-2011-to-2012-household-report</a>
Public note View this item free of charge at www.communities.gov.uk
942 ## - ADDED ENTRY ELEMENTS (KOHA)
Suppress in OPAC 0
Holdings
Withdrawn status Lost status Source of classification or shelving scheme Damaged status Not for loan Home library Current library Shelving location Date acquired Total Checkouts Full call number Barcode Date last seen Copy number Price effective from Koha item type
    Dewey Decimal Classification     London London Online 09/04/2014   ONLINE PUBLICATION 158075-1001 06/08/2019 1 06/08/2019 Book